Statistics for most followed tik tokers

Click here to take the quiz!

General Stats

  • This quiz has been taken 309 times
  • The average score is 5 of 38

Answer Stats

Answer% Correct
aaddison rae
88%
ccharli d'amelio
85%
ddixie d'amelio
57%
lloren gray
40%
cchase hudson
32%
aavani
31%
jjosh richards
25%
ttony
23%
zzoe laverne
23%
zzach king
22%
jjames charles
21%
bbaby ariel
14%
jjojo siwa
10%
bbrent rivera
8%
tthe rock
7%
wwill smith
7%
aariana grande
5%
hhype house
5%
jjacob sartorius
5%
sselena gomez
5%
sspencer x
5%
ddavid dobrick
4%
rriyaz
4%
fflight house
3%
jjoe
3%
sstokes twins
3%
aannie
2%
ccash
2%
llucas and marcus
2%
nnorris nuts
2%
aarishfa khan
1%
ccoffee family
0%
ffaisal shaikh
0%
ggil croes
0%
hholly h
0%
kkevin heart
0%
mmackenzie zigler
0%
mmaddie zigler
0%

Score Distribution

Percentile by Number Answered

Percent of People with Each Score

Your Score History

You have not taken this quiz